Lluita contra la febre tifoide a Catalunya / per en Lluís Claramunt i Furest
Descripción Física:
332 p., [2] f., [2] mapes pleg. ; 22 cm
Materias:
Febre tifoide -- Catalunya
MARC
| LEADER | 00000nam a2200000Ia 4500 | ||
|---|---|---|---|
| 001 | 786 | ||
| 008 | 160829s1933 xx 000 0 cat d | ||
| 080 | |a C-1-357 | ||
| 100 | |a Claramunt i Furest, Lluís |9 22785 | ||
| 245 | |a Lluita contra la febre tifoide a Catalunya / per en Lluís Claramunt i Furest | ||
| 260 | |a Barcelona : |b (Imp. la Ibérica), |c 1933 | ||
| 300 | |a 332 p., [2] f., [2] mapes pleg. ; |c 22 cm | ||
| 650 | |a Febre tifoide |x Catalunya |9 22786 | ||
| 901 | |a Arxiu | ||
| 942 | |n 1 | ||
| 952 | |0 0 |1 0 |4 0 |6 C1357 |7 1 |9 42329 |a Arxiu |b Arxiu |d 2016-12-01 |l 0 |o C-1-357 |p 786 |r 2016-12-01 00:00:00 |w 2016-12-01 |y ARXIU | ||
| 999 | |c 44807 |d 44807 | ||